Παράταιρα : μελέτες - κριτικές - επιφυλλίδες

Αποθηκεύτηκε σε:
Λεπτομέρειες βιβλιογραφικής εγγραφής
Κύριος συγγραφέας: Βελουδής, Γιώργος, 1935-
Μορφή: Βιβλίο
Γλώσσα:Greek
Δημοσίευση: Αθήνα : Δωδώνη, 1995
Θέματα:
Ετικέτες: Προσθήκη ετικέτας
Δεν υπάρχουν, Καταχωρήστε ετικέτα πρώτοι!

MARC

LEADER 00000nam a2200000 i 4500
001 1/70842
008 990226s1995 gre d
020 |a 960-248-770-4 
035 |l 10048202 
040 |a GR-MY-UA  |b gre  |e aacr 
041 0 |a gre 
082 0 |a 889.4 
100 1 |a Βελουδής, Γιώργος,   |d 1935- 
245 1 0 |a Παράταιρα :  |b μελέτες - κριτικές - επιφυλλίδες /  |c Γιώργος Βελουδής 
260 |a Αθήνα :   |b Δωδώνη,   |c 1995 
300 |a 142 σ. 
650 0 0 |a Greek literature  |x History and criticism. 
650 0 0 |a Greek essays, Modern. 
852 |a INST  |b RHODES  |e 19990226  |h 889.4 ΒΕΛ  |p 005400015544  |q 005400015544  |t BK  |y 0 
901 |a BIBL-1999-1 
909 |a Ρ  |b 053250  |c 1998 
922 |a 4ΕΛΗ  |b 199801  |c ΚΠΣ/ΔΕ  |d EMVASIS 
970 |z 2000/07/ΚΑΤΕΡΙΝΑ 
970 |z 2000/07/ΚΑΤΕΡΙΝΑ